Преселници от тропика (Запис номер 175335)
[ съкратено ]
| 000 -Лидер | |
|---|---|
| Контролно поле с фиксирана дължина | 01490nam a2200349 c 4500 |
| 003 - Код на организацията, давaща контролен номер | |
| Контролно поле | BLK |
| 005 - Дата и час на последна редакция | |
| Контролно поле | 20220414102046.0 |
| 008 - Елементи от данни с фиксирана дължина | |
| fixed length control field | 180411b bul|||||r ||||||| ||bul|| |
| 010 ## - Наследен системен номер | |
| LC control number | KNG00183877000 |
| 040 ## - Източник на каталожния запис | |
| Идентификатор на билиотеката - собственик на записа | BLK |
| 041 ## - Код за език | |
| Код за езика на текст/звукозапис или на отделно заглавие | Български |
| Код за езика КДБФ | Български |
| 080 ## - УДК | |
| Текстов определител УДК | Декоративни растения. Декоративно градинарство |
| УДК код - определител по УДК | 635.9 |
| УДК определител | (02.062) |
| УДК - код + определител | 635.9(02.062) |
| 100 1# - Редна дума - Автор | |
| Автор | Яков, Илия Първанов |
| Авторска отговорност | първи автор |
| R(LIN) | 381934 |
| 139 ## - Редно поле | |
| Редна дума | Яков, Илия Първанов и др. |
| Авторски знак | Яков - Я 34 |
| 245 10 - Сведения за заглавието | |
| Заглавие | Преселници от тропика |
| Редно поле (дума) | Илия Първанов Яков; съавт. Никола Димитров Минчев. |
| 250 ## - Област на изданието | |
| Сведения за изданието | 2. прераб. изд. |
| 257 ## - Страна на издаване | |
| Страна на създаване/издаване | България |
| 260 ## - Област на издателските данни | |
| Място на издаване, разпространение и проч. | София |
| Име на издателя, разпространителя и проч. | Нар. просв. |
| Година на издаване | 1982 |
| 300 ## - Физическа характеристика | |
| Страници | 88 с. |
| Илюстрации и др. | с ил., 3 л. цв. ил. |
| Размери/Мащаб | 20 см |
| 380 ## - Жанр | |
| Жанр | Селско стопанство |
| 490 1# - СЕРИИ (Колекции) | |
| Име на серия | Библиотека за ученика |
| 490 1# - СЕРИИ (Колекции) | |
| Име на серия | Серия Природонаучни знания |
| 500 ## - Общи забележки | |
| Забележка | 1. изд. 1974. - 7 605 тир. - Тропически растения в наши оранжерии. |
| 650 #4 - Допълнително описание по предмет – тема | |
| Основно описание – тема или топоним | Растения, тропически |
| 9 (RLIN) | 339883 |
| 650 #4 - Допълнително описание по предмет – тема | |
| Основно описание – тема или топоним | Оранжерийно производство |
| 9 (RLIN) | 165095 |
| 700 1# - Други автори (авторска отговорност) | |
| Лично име | Минчев, Никола Димитров |
| Автороска отговорност (Описва отношението между автора и произведението) | съавт. |
| 9 (RLIN) | 339882 |
| 852 ## - Местоположение | |
| Форматна сигнатура | Цб 115434 |
| 856 4# - Електронен адрес и достъп | |
| Електронен формат | pdf - файл |
| 856 4# - Електронен адрес и достъп | |
| Електронен формат | pdf - файл |
| 999 ## - СИСТЕМНИ КОНТРОЛНИ НОМЕРА | |
| Koha biblionumber | 175335 |
| Koha biblioitemnumber | 175335 |
| 942 ## - АРТИКУЛИ | |
| Вид на библиотечния материал | Книги |
| Скрит в OPAC | Не |
| Периодичен библиозапис | Да |
| 944 ## - СЪЗДАВАНЕ И РЕДАКЦИЯ на ЗАПИСА | |
| Създаване/Редакция | Създаване |
| Дата на регистрацията/редакция | 19.10.2015 |
| Служител, извършил регистрацията/редакцията | Кети_Илиева |
| 944 ## - СЪЗДАВАНЕ И РЕДАКЦИЯ на ЗАПИСА | |
| Създаване/Редакция | Редакция |
| Дата на регистрацията/редакция | 27.09.2017 |
| Служител, извършил регистрацията/редакцията | Кети_Илиева |
| 999 ## - СИСТЕМНИ КОНТРОЛНИ НОМЕРА | |
| Koha biblioitemnumber | 175335 |
| Код за отписване | Код за изгубен артикул | Източник на класификационната схема | Код за повреда | Коз за рестрикции | Код за отдаване | Артикулен № | Име на библиотеката - собственик | Име на библиотеката, в която се намира в момента | Статус (Текущо местоположение) | Дата на вписване в системата | Местоположение - отдел | Цена в лева | Инвентарен номер | Систематично азбучна сигнатура | Баркод | Номер на екземпляра | Цена в евро | Служебна бележка | Служебен тип на артикула | Бележка за публиката |
|---|---|---|---|---|---|---|---|---|---|---|---|---|---|---|---|---|---|---|---|---|
| Не е изгубен | Universal Decimal Classification | Не е повреден | без рестрикции | ползва се в читалня | 301673 | Регионална библиотека "Любен Каравелов" Русе | Регионална библиотека "Любен Каравелов" Русе | Хранилище | 1982-01-01 | Хранилище | 0.74 | 356587 | Цб 115434 | 120000356587 | 1 | 0.38 | Вид: Сф Дата: 01.01.1982 | Книги | ||
| Изтеглен | Не е изгубен | Universal Decimal Classification | Не е повреден | без рестрикции | заемане за дома | 301674 | Регионална библиотека "Любен Каравелов" Русе | Регионална библиотека "Любен Каравелов" Русе | Заемна - подръчен фонд | 1982-01-01 | Заемна - подръчен фонд | 0.74 | 357110 | П 635.9/Я 34 | 357110 | 2 | 0.38 | Вид: Сф Дата: 01.01.1982 | Книги | |
| Изтеглен | Не е изгубен | Universal Decimal Classification | Не е повреден | без рестрикции | заемане за дома | 301675 | Регионална библиотека "Любен Каравелов" Русе | Регионална библиотека "Любен Каравелов" Русе | Заемна - подръчен фонд | 1982-01-01 | Заемна - подръчен фонд | 0.74 | 357111 | П 635.9/Я 34 | 357111 | 3 | 0.38 | Вид: Сф Дата: 01.01.1982 | Книги | |
| Изтеглен | Не е изгубен | Universal Decimal Classification | Не е повреден | без рестрикции | заемане за дома | 301676 | Регионална библиотека "Любен Каравелов" Русе | Регионална библиотека "Любен Каравелов" Русе | Заемна - подръчен фонд | 1982-01-01 | Заемна - подръчен фонд | 0.74 | 357112 | П 635.9/Я 34 | 357112 | 4 | 0.38 | Вид: Сф Дата: 01.01.1982 | Книги | |
| Изтеглен | Не е изгубен | Universal Decimal Classification | Не е повреден | без рестрикции | заемане за дома | 301677 | Регионална библиотека "Любен Каравелов" Русе | Регионална библиотека "Любен Каравелов" Русе | Детски отдел | 1982-01-01 | Детски отдел | 0.74 | 357433 | ДН 633/635/Я 34 | 357433 | 5 | 0.38 | Вид: Сф Дата: 01.01.1982 Дата инв: 19.10.2015 Бележки инв: Д2015 | Книги | |
| Изтеглен | Не е изгубен | Не е повреден | без рестрикции | заемане за дома | 301678 | Регионална библиотека "Любен Каравелов" Русе | Регионална библиотека "Любен Каравелов" Русе | 1982-01-01 | Детски отдел | 0.74 | 357434 | ДН 633/635/Я 34 | 357434 | 6 | 0.38 | Вид: Сф Дата: 01.01.1982 Дата инв: 28.10.2015 Бележки инв: Д2015 | Книги | Отч.N: 42/17 , Дата: 08.09.2017 | ||
| Изтеглен | Не е изгубен | Не е повреден | без рестрикции | заемане за дома | 301679 | Регионална библиотека "Любен Каравелов" Русе | Регионална библиотека "Любен Каравелов" Русе | 1982-01-01 | Детски отдел | 0.74 | 357435 | ДН 633/635/Я 34 | 357435 | 7 | 0.38 | Вид: Сф Дата: 01.01.1982 Дата инв: 19.10.2015 Бележки инв: Д2015 | Книги | Отч.N: 41/2017 , Дата: 08.09.2017 |